000 03540cam a2200373 i 4500
003 SA-RiAUC
005 20250503110308.0
008 250425s2005 su f 00000 ara c
020 _a9960953009
024 0 _a00000000984283
040 _aQA-DoFIS
_bara
_cSA-RiAUC
_dAE-DuMBRL
_erda
082 0 4 _a253.2
_qSA-RiAUC
090 _a253.2
_bج ا ب
100 1 _aجاب الله، سمير عبد النور
_eمؤلف.
245 1 0 _aضوابط الثمن وتطبيقاته في عقد البيع :
_bبحث منهجي مقارن /
_cتأليف سمير عبد النور جاب الله ؛ قدم له الأستاذ الدكتور مصطفى ديب البغا.
250 _aالطبعة الأولى.
264 1 _aالرياض :
_bدار كنوز إشبيليا للنشر والتوزيع،
_c2005.
300 _a436 صفحة ؛
_c24 × 17 سم
336 _aنص
_btxt
_2rdacontent
_3كتاب
337 _aبدون وسيط
_bn
_2rdamedia
338 _aمجلد
_bnc
_2rdacarrier
490 1 _aالصندوق الخيري لنشر البحوث والرسائل العلمية ؛
_aالدراسات الفقهية ؛
_v8 ؛
_v6
500 _aالأصل أطروحة جامعية.
504 _aببليوجرافية : صفحة 405-430.
520 _aيتناول كتاب (ضوابط الثمن وتطبيقاته في عقد البيع) والذي قام بتأليفه سمير عبد النور جاب الله، موضوع (الثمن) هذا الكتاب بحث يبين فيه الباحث فلسفة الثمن في عقد البيع، وموقعه منه كما يراه الفقه الإسلامي بمذاهبه المختلفة والتشريع الوضعي، فيقرر أحكامه وشروطه، حيث أفرد موضوع الثمن ببحث خاص لأن جل مسائله مختلف فيها، ومصطلحاته متقاربة يصعب التمييز بينها، ويجيب هذا الكتاب عن كثير من هذه المصطلحات، ويناقش بيوعا متعددة، أساس بنيانها، ومدار الكلام فيها عن الثمن دون المبيع، كالبيع بالتقسط، والبيع المؤجل، وبيع العربون، والعينة، والمرابحة، والمزايدة، والاسترسال، والاستجرار، وغيرها من المعاملات اليومية التي تعترض حياة طائفة كبيرة من الناس دون أن يعرفوا حكمها، ولم يغفل أيضا بعض المسائل الشائكة المعاصرة كمسألة النقود الورقية، هل هي عروض تجارة، أم أموال بمنزلة الذهب والفضة ؟ ، ومسألة تغير قيمة العملة، وضعف القوة الشرائية بها، والمشاكل الاقتصادية والاجتماعية التي تنجم عنها، ومسألة الأجل، أو الزمن.
650 7 _aعقود البيع (فقه إسلامي)
_2aucsh
650 7 _aالبيع (فقه إسلامي)
_2aucsh
700 1 _aالبغا، مصطفى ديب،
_d1938-
_eمقدم.
830 2 _aإصدارات الصندوق الخيري لنشر البحوث والرسائل العلمية
_v8
830 2 _aإصدارات الصندوق الخيري لنشر البحوث والرسائل العلمية.
_pالدراسات الفقهية
_v6
942 _2ddc
_cBOOK
_n0
949 _aSA-JeALM
_d250425
_umohamedma123
_n1
999 _c7555
_d7555